1与2笔画常见中文汉字 Common Chinese characters with 1 and 2 strokes - Statistics

General Stats
  • This quiz has been taken 101 times
  • The average score is 15 of 24
Answer Stats
笔画数 音首 汉字 % Correct
1 y
100%
2 e
94%
2 s
92%
2 r
89%
2 b
85%
1 y
82%
2 j
78%
2 q
78%
2 r
73%
2 d
67%
2 l
66%
2 y
63%
2 b
62%
2 c
61%
2 l
61%
2 d
57%
2 e
57%
2 j
56%
2 b
51%
2 n
49%
2 d
24%
2 n
17%
2 s
13%
2 b
7%
No matching quizzes found
Score Distribution
Percent of People with Each Score
Percentile by Number Answered
Your Score History
You have not taken this quiz